Diagnóstico clínico actual / (Record no. 46786)

MARC details
000 -LEADER
campo de control de longitud fija 00732nam a2200217 i 4500
001 - NÚMERO DE CONTROL
campo de control 46786
003 - IDENTIFICADOR DE NÚMERO DE CONTROL
campo de control ES-MaACL
005 - FECHA Y HORA DE LA ÚLTIMA TRANSACCIÓN
campo de control 20230906161439.0
007 - CAMPO FIJO DE DESCRIPCIÓN FÍSICA--INFORMACIÓN GENERAL
campo de control de longitud fija t|
008 - DATOS DE LONGITUD FIJA--INFORMACIÓN GENERAL
campo de control de longitud fija 030401s1969 sp ||||1| spa d
100 1# - ENTRADA PRINCIPAL--NOMBRE DE PERSONA
Nombre de persona Conn, Howard F.
9 (RLIN) 40199
245 10 - MENCIÓN DEL TÍTULO
Título Diagnóstico clínico actual /
Mención de responsabilidad, etc. dirigido por Howard F. Conn, Robert J. Clohecy, Rex B. Conn ; traductor Santiago Pi Suñer ; prólogo Máximo Soriano.
250 ## - MENCION DE EDICION
Mención de edición 1º ed.
260 ## - PUBLICACIÓN, DISTRIBUCIÓN, ETC.
Lugar de publicación, distribución, etc. Barcelona, etc. :
Nombre del editor, distribuidor, etc. Labor,
Fecha de publicación, distribución, etc. [1969]
300 ## - DESCRIPCIÓN FÍSICA
Extensión XXXII, 1052 p. :
Otras características físicas il. ;
Dimensiones 28 cm.
700 1# - ENTRADA AGREGADA--NOMBRE PERSONAL
Nombre de persona Clohecy, Robert J.
9 (RLIN) 39280
700 1# - ENTRADA AGREGADA--NOMBRE PERSONAL
Nombre de persona Conn, Rex B.
9 (RLIN) 40200
700 1# - ENTRADA AGREGADA--NOMBRE PERSONAL
Nombre de persona Pi Suñer, Santiago.
9 (RLIN) 91728
700 1# - ENTRADA AGREGADA--NOMBRE PERSONAL
Nombre de persona Soriano, Máximo.
9 (RLIN) 107387
852 ## - LOCALIZACIÓN
Ubicación ES-MaACL
Número de control de estantería C-32940
Sublocalización o colección R.71292
Holdings
Estatus retirado Estado de pérdida Estado de daño No para préstamo Biblioteca de origen Biblioteca actual Ubicación en estantería Fecha de adquisición Fuente de adquisición Total de préstamos Signatura topográfica completa Código de barras Visto por última vez Precio de reemplazo Tipo de ítem Koha
        Biblioteca del Ateneo de Madrid Biblioteca del Ateneo de Madrid Depósito 2 17/01/2008     C-32940 1049208 23/02/2023 23/02/2023 Libro impreso